000 00800 a2200217 4500
001 29452
005 20260407155604.0
008 260407a1998 arg spa d
003 AR-UNSa-BCEJYS
040 _aAR-UNSa-BCEJYS
_bspa
_cAR-UNSa-BCEJYS
080 _a336.225
_xMétodo de tributación y administración de impuestos
245 1 0 _aTribunal fiscal de la nación, recursos, ejecución fiscal
264 1 _aBuenos Aires :
_bEdiciones Nueva Técnica
_c1998
300 _a96 p.
_c28 cm.
505 _a1. Recursos y juicio de ejecución fiscal - 2. Tribunal fiscal de la nación - 3. Acción declarativa y principio "solve et repete"
041 _aspa
942 _cBK
590 _aniveau_biblio:m niveau_hierar:0
100 1 _aGadea, María de los Angeles
700 1 _aGuzmán, Laura Amalia
999 _c1877
_d1877